Премирование председателей сельсоветов по Н.-Волжскому и Ср.-Волжскому краям [т. XI]

Доступно только в Электронных читальных залах Найти на картеНа карте
RUSMARC
00004834nmc2a22003133x 450
0011ce1836b-8920-4dc4-bcca-6c109fad5e4f
00520240814151022.0
100##$a20240716l1932 k y0rusy50 ca
1010#$arus
102##$aRU
105##$aach z |||||
1220#$ad19321231
2001#$aПремирование председателей сельсоветов по Н.-Волжскому и Ср.-Волжскому краям [т. XI]
$j1932
215##$a288 листов
$cфот., табл., ил., факс., портр.
$d38,6 х 25,3
251##$cДело
300##$aЛисты: 288 листов, в том числе: литерные номера листов 167а; пропущенные номера листов 159; 98-100 - фото
300##$aЗаголовок дела на папке: Премирование председателей сельсоветов по Н.-Волжскому и С.-Волжскому краям
300##$aЧасть текста машинописная и рукописная, часть - напечатана типографским способом
324##$aВ деле имеются копии отдельных документов
461#0$1001796d4672-8a00-4986-b488-6e42273792cc
$12001
$aЦЕНТРАЛЬНЫЙ ИСПОЛНИТЕЛЬНЫЙ КОМИТЕТ СССР (ЦИК СССР).
$1251
$cФонд
$1852
$gР
$j3316
462#0$10010e4f070e-6618-4dbd-8052-a0bac09a3d58
$12001
$aДела Секретариата Президиума ЦИК Союза ССР. 1932 г.
$vД. 962
$1251
$cОпись
$1852
$j25
5171#$aПремирование председателей сельсоветов по Н.-Волжскому и С.-Волжскому краям
605##$3DITM\AF\0000002775
$aВласть
$lколлекция
$2acquisition_prlib
6101#$aПремирование
$aПредседатели сельских советов
$aНижне-Волжский край
$aСредне-Волжский край
686##$a63.3(2)61-332ю1
$cИстория
$2rubbk
686##$a67.400.6ю1
$cПраво
$2rubbk
801#0$aRU
$bGA_RF
801#1$aRU
$bГлавНИВЦ
$c20240716
$2rusmarc
801#2$aRU
$bПБ им. Б.Н. Ельцина
$c20240814
$gRCR
$2rusmarc
852##$aГА РФ
$j962
937##$d193576170
$hГАРФ
035##$aRuPRLIB51076257
856##$uhttp://readingroom.main.prlib.ru/item.aspx?id_node=n193576170&mode=full
Формат отображения